LEADER 01123nam a2200265 i 4500 001 000000058659 003 CaOOAMICUS 005 20110428000000.0 008 110428s1973 it u000 u ita u 013 $a29831 040 $aSeMil$bita 100 1 $aRomano, Sergio,$d<1929- >.$0(OLS)http://semarc/name/5465 245 10$aCrispi :$bProgetto per una dittatura /$cSergio Romano. 260 $aMilano :$bBompiani,$ccopyr. 1973. 300 $a252 p., [1] p. di ritratto ;$c19 cm. 490 0 $aInformazione storica Bompiani ;$v10 500 $aContiene : Note bibliografiche. 600 14$aCrispi, Francesco <1818-1901>.$0(OLS)http://semarc/subject/11830 650 4$aItalia - Storia - Sec. 19.$0(OLS)http://semarc/subject/238 830 0$aInformazione storica Bompiani ;$v10.$0(OLS)http://semarc/title/7401 850 $aSeMil 852 $aSeMil$W1$xVenegono$y1$m3V I 379$j24812$B24812$CSeMilBibl$Z2$F24815 $81 961 $aOmaggio: Oggioni don Costantino 996 $6245$aCrispi :$bProgetto per una dittatura$9(OLS)http://semarc/title/91483 996 $6260$aMilano :$bBompiani$9(OLS)http://semarc/publisher/29706 LEADER 01045nam a2200253 i 4500 001 000000065321 003 CaOOAMICUS 005 20120217000000.0 008 120217s1974 it u000 u ita u 013 $a36493 040 $aSeMil$bita 100 1 $aObolensky, Dimitri,$c.$0(OLS)http://semarc/name/32841 245 13$aIl Commonwealth Bizantino :$bl'Europa Orientale dal 500 al 1453 /$cDimitri Obolensky. The Byzantine Commonwealth : Eastern Europe 500-1453. 260 $aBari :$bLaterza,$c1974. 300 $a654 p., [16] p. di tav. ;$c21 cm. 490 0 $aCollezione storica 500 $aFondo Ciprandi. 830 0$aCollezione storica.$0(OLS)http://semarc/title/6929 850 $aSeMil 852 $aSeMil$W1$xVenegono$y1$m3S II 290$j31474$B31474$CSeMilBibl$Z2$F31477 $81 941 1 $a1 961 $aOmaggio: Ciprandi dott. Paolo 996 $6245$aIl Commonwealth Bizantino :$bl'Europa Orientale dal 500 al 1453$9(OLS)http://semarc/title/103643 996 $6260$aBari :$bLaterza$9(OLS)http://semarc/publisher/29858